[Event "Mistrzostwa Polski Juniorów Młodszych"]
[Site "Suwałki, Poland"]
[Date "2025.04.25"]
[Round "2.15"]
[White "Brzeski, Karol"]
[Black "Kiecana, Ignacy"]
[Result "1/2-1/2"]
[WhiteElo "1510"]
[BlackElo "1744"]
[PlyCount "73"]
[EventDate "2025.??.??"]

1. e4 c5 2. Ne2 d6 3. g3 Nf6 4. Bg2 Nc6 5. c3 g6 6. d4 cxd4 7. cxd4 Bg7 8. O-O O-O 9. Nbc3 Bd7 10. a3 Rc8 11. Bg5 a6 12. f3 b5 13. Qd2 Na5 14. Qd3 h6 15. Bxf6 Bxf6 16. Nd5 Bg7 17. Rac1 e6 18. Rxc8 Bxc8 19. Nb4 Qb6 20. Kh1 Bb7 21. Rc1 Nc6 22. Nxc6 Bxc6 23. b4 Qb7 24. h4 Rc8 25. h5 g5 26. Bh3 Bd7 27. Qd2 Rc7 28. Bf1 Qc8 29. Rxc7 Qxc7 30. Nc3 Qc6 31. Kg2 Kf8 32. Be2 Bc8 33. Bf1 Bb7 34. Qd3 Kg8 35. Be2 Kf8 36. Kf1 Kg8 37. Kg2 1/2-1/2

[Event "Mistrzostwa Polski Juniorów Młodszych"]
[Site "Suwałki, Poland"]
[Date "2025.04.25"]
[Round "2.6"]
[White "Wolak, Jan"]
[Black "Buklaho, Ignacy"]
[Result "1/2-1/2"]
[WhiteElo "1782"]
[BlackElo "1932"]
[PlyCount "82"]
[EventDate "2025.??.??"]

1. e4 c6 2. d4 d5 3. f3 Qb6 4. Nc3 dxe4 5. Bc4 Nf6 6. Qe2 Nbd7 7. fxe4 e5 8. Nf3 Bd6 9. Bd2 O-O 10. O-O-O Qc7 11. d5 Nb6 12. Bb3 cxd5 13. exd5 a6 14. Rhf1 Bg4 15. h3 Bh5 16. g4 Bg6 17. Bg5 Nfd7 18. h4 f6 19. Be3 Rac8 20. h5 Bf7 21. Ne4 a5 22. a4 Bc5 23. h6 Bxe3+ 24. Qxe3 Nc5 25. hxg7 Nxb3+ 26. Qxb3 Kxg7 27. Nc3 Rfd8 28. Rf2 Qc5 29. Ne4 Qb4 30. Qxb4 axb4 31. Nh4 Nxd5 32. Nf5+ Kf8 33. Nfd6 Rc7 34. Nxf7 Kxf7 35. Nxf6 Ke6 36. Ne4 h6 37. Rh2 Rh8 38. Rdh1 Nf4 39. Rxh6+ Rxh6 40. Rxh6+ Kd5 41. Ng3 Rg7 1/2-1/2

[Event "Mistrzostwa Polski Juniorów Młodszych"]
[Site "Suwałki, Poland"]
[Date "2025.04.25"]
[Round "2.13"]
[White "Wojtun, Maksymilian"]
[Black "Mrozowski, Nikodem"]
[Result "1/2-1/2"]
[WhiteElo "1694"]
[BlackElo "1984"]
[PlyCount "172"]
[EventDate "2025.??.??"]

1. e4 g6 2. Nf3 Bg7 3. d4 d6 4. Bf4 c5 5. c3 cxd4 6. cxd4 Nf6 7. Nc3 O-O 8. Bc4 Nxe4 9. Nxe4 d5 10. Bd3 dxe4 11. Bxe4 Qb6 12. Qd2 Nd7 13. Ne5 Nxe5 14. dxe5 Rd8 15. Qc3 Qd4 16. Qxd4 Rxd4 17. f3 Bf5 18. Bxf5 Rxf4 19. Be4 Bxe5 20. O-O-O Rf6 21. Rd7 Rc8+ 22. Kb1 Rb6 23. b3 Rc7 24. Rhd1 f5 25. Bd5+ e6 26. Rxc7 Bxc7 27. Bc4 Bxh2 28. Re1 Bg3 29. Bxe6+ Kg7 30. Re2 Kf6 31. Bc4 Be5 32. Kc2 Rc6 33. Kd3 a6 34. Bd5 Rc3+ 35. Kd2 Rc7 36. Ke3 Rd7 37. Rd2 g5 38. Rd3 b5 39. g4 Bf4+ 40. Kd4 fxg4 41. fxg4 Rc7 42. Rh3 Kg7 43. Be4 h6 44. Bf5 Rc1 45. Rf3 Re1 46. Kd3 Ra1 47. Rf2 Kf6 48. Rc2 Rd1+ 49. Ke4 Rd6 50. Rc8 b4 51. Rh8 Kg7 52. Rh7+ Kg8 53. Ra7 Bh2 54. Bc8 Rc6 55. Bxa6 Bg1 56. Bb7 Rf6 57. Bd5+ Kf8 58. Rh7 Rf4+ 59. Ke5 Rxg4 60. Rxh6 Kg7 61. Re6 Rf4 62. Be4 Be3 63. Rg6+ Kf7 64. Rc6 g4 65. Rc7+ Kf8 66. Rc8+ Kg7 67. Rc7+ Kh6 68. Rh7+ Kg5 69. Rh2 g3 70. Rg2 Kh4 71. Bf5 Rf2 72. Rxf2 Bxf2 73. Be4 Bc5 74. Bg2 Kg4 75. Kd5 Be7 76. Kd4 Kf4 77. Kd3 Bd6 78. Ke2 Be5 79. Bf3 Bd4 80. Bg2 Ke5 81. Kd3 Bc3 82. Be4 Be1 83. Bg2 Kf4 84. Ke2 Bc3 85. Kd3 Bg7 86. Ke2 Ke5 1/2-1/2

[Event "Mistrzostwa Polski Juniorów Młodszych"]
[Site "Suwałki, Poland"]
[Date "2025.04.25"]
[Round "2.11"]
[White "Wasilewski, Mateusz"]
[Black "Bednarek, Jan"]
[Result "0-1"]
[WhiteElo "1678"]
[BlackElo "1989"]
[PlyCount "72"]
[EventDate "2025.??.??"]

1. d4 Nf6 2. Nf3 e6 3. g3 b6 4. Bg2 Bb7 5. O-O Be7 6. c4 O-O 7. d5 exd5 8. cxd5 Bxd5 9. Nc3 Bb7 10. Bg5 h6 11. Bxf6 Bxf6 12. Qd3 d5 13. Rfd1 c6 14. e4 dxe4 15. Qxd8 Rxd8 16. Rxd8+ Bxd8 17. Nxe4 Bc7 18. Rd1 Na6 19. Rd7 Rd8 20. Rxd8+ Bxd8 21. Nd6 Ba8 22. Nc8 Bf6 23. Nd2 Bxb2 24. Nxa7 Nb4 25. Nc4 Bd4 26. a3 Nd5 27. Nc8 b5 28. N4d6 Bc5 29. Bxd5 cxd5 30. Nxb5 Bc6 31. Ncd6 Kf8 32. a4 g6 33. h4 Ke7 34. Nc8+ Kd7 35. Nca7 Bxa7 36. Nxa7 Bxa4 0-1

[Event "Mistrzostwa Polski Juniorów Młodszych"]
[Site "Suwałki, Poland"]
[Date "2025.04.25"]
[Round "2.4"]
[White "Markowski, Adam"]
[Black "Serafin, Franciszek"]
[Result "1/2-1/2"]
[WhiteElo "1790"]
[BlackElo "1955"]
[PlyCount "93"]
[EventDate "2025.??.??"]

1. d4 Nf6 2. c4 e6 3. Nf3 d5 4. e3 Be7 5. b3 O-O 6. Bd3 c5 7. O-O cxd4 8. exd4 b6 9. Bb2 Bb7 10. Nbd2 Nc6 11. Rc1 Rc8 12. Qe2 Re8 13. Rfd1 Bf8 14. Bb1 g6 15. Nf1 Bg7 16. Ne3 Rc7 17. Ne5 Qc8 18. N5g4 Nxg4 19. Qxg4 Ne7 20. Qg3 dxc4 21. Nxc4 Qb8 22. Nd6 Rd8 23. Ba3 Rxc1 24. Rxc1 Nd5 25. Nb5 Qxg3 26. hxg3 a5 27. Be4 Ba6 28. Na7 Bb7 29. Nb5 Rc8 30. Rxc8+ Bxc8 31. Bxd5 exd5 32. Bd6 Ba6 33. Nc3 Bb7 34. Be5 Bxe5 35. dxe5 Bc6 36. a3 Kf8 37. Ne2 Ke7 38. Nd4 Bd7 39. f4 f6 40. exf6+ Kxf6 41. Kf2 h5 42. b4 axb4 43. axb4 Bf5 44. Ke3 Be4 45. Kf2 Ke7 46. Kg1 Kd6 47. Kh2 1/2-1/2

[Event "Mistrzostwa Polski Juniorów Młodszych"]
[Site "Suwałki, Poland"]
[Date "2025.04.25"]
[Round "2.1"]
[White "Kopia, Julian"]
[Black "Brzezina, Pawel"]
[Result "0-1"]
[WhiteElo "1814"]
[BlackElo "2125"]
[PlyCount "136"]
[EventDate "2025.??.??"]

1. e4 e5 2. Nf3 Nc6 3. Bc4 Bc5 4. c3 Nf6 5. d3 d6 6. O-O a5 7. Re1 Ba7 8. Bb3 h6 9. Nbd2 O-O 10. h3 Be6 11. Bc2 Ne7 12. Nf1 Ng6 13. Ng3 Re8 14. d4 c6 15. Be3 Qc7 16. Qd2 Kh7 17. a4 Rad8 18. Rad1 Bb6 19. Qc1 Bc8 20. Nf5 Ng8 21. h4 Nf8 22. dxe5 Bxe3 23. exd6 Bxf2+ 24. Kxf2 Qb6+ 25. Kf1 Bxf5 26. exf5 Rxe1+ 27. Nxe1 Nf6 28. b3 Qc5 29. Qf4 Nd5 30. Qd4 Qxc3 31. Qxc3 Nxc3 32. Rd3 Nd5 33. Nf3 Nd7 34. g4 Nc5 35. Rd2 Ne3+ 36. Kf2 Nxg4+ 37. Kg3 Nf6 38. Rd4 Rxd6 39. Rc4 Ncd7 40. Rc3 Nb6 41. Ne5 Kg8 42. Nc4 Nxc4 43. Rxc4 Rd2 44. Kf3 Nd5 45. Be4 Rb2 46. Bxd5 Rxb3+ 47. Ke4 cxd5+ 48. Kxd5 Rb4 49. Rxb4 axb4 50. Kc4 g5 51. fxg6 fxg6 52. Kxb4 g5 53. hxg5 h5 54. Kb5 h4 55. Kb6 h3 56. Kxb7 h2 57. a5 h1=Q+ 58. Ka7 Qg1+ 59. Kb7 Qg2+ 60. Ka7 Qf2+ 61. Kb7 Qf3+ 62. Ka7 Qe3+ 63. Kb7 Qe4+ 64. Ka7 Qd4+ 65. Kb7 Qd5+ 66. Kb6 Qa8 67. a6 Kg7 68. a7 Kg6 0-1

[Event "Mistrzostwa Polski Juniorów Młodszych"]
[Site "Suwałki, Poland"]
[Date "2025.04.25"]
[Round "2.20"]
[White "Szuminski, Jakub"]
[Black "Pisarski, Marek"]
[Result "1-0"]
[WhiteElo "1698"]
[BlackElo "1594"]
[PlyCount "47"]
[EventDate "2025.??.??"]

1. e4 c5 2. Nf3 Nc6 3. Bb5 Nd4 4. Nxd4 cxd4 5. c3 Qb6 6. Ba4 g6 7. cxd4 Bg7 8. d5 Bxb2 9. Bxb2 Qxb2 10. Nc3 Qb6 11. O-O a6 12. d4 Qc7 13. Rc1 Qd6 14. e5 Qb4 15. d6 b5 16. Nd5 Qxa4 17. Nc7+ Kd8 18. Qf3 Qxa2 19. Qxa8 exd6 20. exd6 Ne7 21. Nd5 Nc6 22. Nb6 Ke8 23. Rxc6 dxc6 24. Qxc8# 1-0

[Event "Mistrzostwa Polski Juniorów Młodszych"]
[Site "Suwałki, Poland"]
[Date "2025.04.25"]
[Round "2.5"]
[White "Chmielek, Milan"]
[Black "Kaczmarek, Piotr"]
[Result "1-0"]
[WhiteElo "1954"]
[BlackElo "1767"]
[PlyCount "127"]
[EventDate "2025.??.??"]

1. d4 Nf6 2. c4 e6 3. Nf3 d5 4. cxd5 exd5 5. Nc3 c5 6. Bg5 Be6 7. e3 Nbd7 8. Bb5 Be7 9. dxc5 Rc8 10. b4 h6 11. Bxf6 Bxf6 12. Rc1 a6 13. Ba4 b5 14. Bb3 Nb6 15. Nd4 Nc4 16. Bxc4 dxc4 17. O-O O-O 18. Ne4 Be7 19. Nc3 Qc7 20. Qf3 Qd7 21. h3 Bf6 22. Rfd1 Qc7 23. e4 Bg5 24. Rc2 Qe5 25. Nd5 Rfd8 26. Nf5 Bxf5 27. Qxf5 Qxf5 28. exf5 Rc7 29. f4 Rcd7 30. c6 Rxd5 31. Rxd5 Rxd5 32. c7 Rd8 33. cxd8=Q+ Bxd8 34. Kf2 Kf8 35. Ke3 Ke7 36. Ke4 Kd6 37. Rd2+ Kc7 38. Kd5 Bf6 39. Re2 Kd7 40. g4 Be7 41. a3 Bd6 42. Rf2 Kc7 43. g5 hxg5 44. fxg5 Kd7 45. Rg2 Bf4 46. h4 Bc1 47. Rc2 Bxa3 48. Kc5 a5 49. Kxb5 Bxb4 50. Kxc4 Kd6 51. Re2 Kd7 52. h5 Bf8 53. Kb5 Bb4 54. h6 gxh6 55. gxh6 Bc3 56. h7 Bf6 57. Kxa5 Bc3+ 58. Kb5 Bf6 59. Kc5 Bc3 60. Kd5 Bf6 61. Ra2 Kc7 62. Ra7+ Kb8 63. Rxf7 Bc3 64. f6 1-0

[Event "Mistrzostwa Polski Juniorów Młodszych"]
[Site "Suwałki, Poland"]
[Date "2025.04.25"]
[Round "2.22"]
[White "Guzdziol, Olaf"]
[Black "Czech, Emil"]
[Result "0-1"]
[WhiteElo "1601"]
[BlackElo "1673"]
[PlyCount "116"]
[EventDate "2025.??.??"]

1. e4 c5 2. d4 cxd4 3. c3 d5 4. exd5 Qxd5 5. cxd4 Nc6 6. Nf3 Bg4 7. Be2 e6 8. O-O Nf6 9. Nc3 Qd7 10. Be3 Be7 11. h3 Bf5 12. Bb5 Bd6 13. Nh4 Bg6 14. Re1 O-O 15. Nxg6 hxg6 16. Bg5 Bb4 17. Bxf6 gxf6 18. Bxc6 bxc6 19. Ne4 Kg7 20. Re2 Rad8 21. a3 Ba5 22. Qa4 Bb6 23. Nc5 Qxd4 24. Qxd4 Rxd4 25. Rc1 Rfd8 26. Rec2 Rd1+ 27. Rxd1 Rxd1+ 28. Kh2 f5 29. Kg3 Kf6 30. Na4 Rd6 31. Nxb6 axb6 32. Kf3 c5 33. Ke2 e5 34. Rc3 Ke6 35. h4 Kf6 36. Rh3 Kg7 37. Re3 f6 38. f3 Rd4 39. g3 f4 40. gxf4 Rxf4 41. Re4 Rxe4+ 42. fxe4 f5 43. exf5 gxf5 44. Ke3 e4 45. b3 Kh6 46. Kf4 Kh5 47. Kg3 e3 48. Kf3 f4 49. Ke2 Kxh4 50. a4 Kg4 51. Ke1 Kf3 52. Kf1 Ke4 53. Ke2 f3+ 54. Ke1 e2 55. Kd2 Kd4 56. b4 cxb4 57. a5 bxa5 58. Ke1 Kd3 0-1

[Event "Mistrzostwa Polski Juniorów Młodszych"]
[Site "Suwałki, Poland"]
[Date "2025.04.25"]
[Round "2.16"]
[White "Kilarski, Kacper"]
[Black "Cieslar, Nikodem"]
[Result "1-0"]
[WhiteElo "1701"]
[BlackElo "1686"]
[PlyCount "139"]
[EventDate "2025.??.??"]

1. d4 d5 2. c4 e6 3. Nc3 c5 4. cxd5 exd5 5. Nf3 Nc6 6. dxc5 d4 7. Na4 Bxc5 8. Nxc5 Qa5+ 9. Bd2 Qxc5 10. Rc1 Qd5 11. Bc3 Nf6 12. Nxd4 Bd7 13. Nxc6 Bxc6 14. Qxd5 Bxd5 15. Bxf6 gxf6 16. e4 Bxa2 17. Bb5+ Kf8 18. O-O a6 19. Bd7 b5 20. Bc6 Rb8 21. Rfd1 Bc4 22. Bd5 Kg7 23. b4 Rhc8 24. f3 Bxd5 25. exd5 Rc4 26. d6 Rd8 27. Rxc4 bxc4 28. Kf2 c3 29. Ke3 c2 30. Rc1 Rxd6 31. Rxc2 Kf8 32. Rc4 Ke7 33. Rh4 Rb6 34. Kd3 Rd6+ 35. Kc3 Rc6+ 36. Kb3 f5 37. Rxh7 Rg6 38. g3 Re6 39. f4 Rb6 40. Kc4 Rc6+ 41. Kd5 Rb6 42. Kc5 Rb5+ 43. Kc4 Rb8 44. Rh6 f6 45. Rh7+ Kd6 46. Rf7 Rc8+ 47. Kb3 Ke6 48. Ra7 Rc6 49. Ka4 Kd5 50. Ka5 Kc4 51. Rxa6 Rxa6+ 52. Kxa6 Kxb4 53. h4 Kc4 54. h5 Kd4 55. h6 Ke4 56. h7 Kf3 57. h8=Q Kxg3 58. Qh6 Kg4 59. Qxf6 Kg3 60. Qa1 Kxf4 61. Qd1 Kg3 62. Qf1 f4 63. Kb5 f3 64. Qg1+ Kh3 65. Kc4 Kh4 66. Kd4 Kh3 67. Ke3 f2 68. Kxf2 Kh4 69. Qg6 Kh3 70. Qg3# 1-0

[Event "Mistrzostwa Polski Juniorów Młodszych"]
[Site "Suwałki, Poland"]
[Date "2025.04.25"]
[Round "2.10"]
[White "Szokalo, Jan"]
[Black "Czech, Franciszek"]
[Result "1-0"]
[WhiteElo "1591"]
[BlackElo "1864"]
[PlyCount "86"]
[EventDate "2025.??.??"]

1. b3 Nf6 2. Bb2 g6 3. Nf3 Bg7 4. e3 d5 5. d4 Bg4 6. Be2 Nbd7 7. Nbd2 O-O 8. h3 Bxf3 9. Nxf3 e6 10. O-O Re8 11. Re1 Ne4 12. Bd3 f5 13. Bxe4 dxe4 14. Nd2 c5 15. c3 Rc8 16. Rb1 b5 17. Qe2 Qb6 18. Rec1 Red8 19. Kh1 a6 20. a4 Qc6 21. axb5 axb5 22. f3 exf3 23. Nxf3 Qb6 24. Ba3 h6 25. dxc5 Nxc5 26. Bxc5 Rxc5 27. Nd4 e5 28. b4 Rcd5 29. Nb3 Rd3 30. Nc5 Rd2 31. Qf3 e4 32. Qg3 Qd6 33. Qe1 Qf6 34. Qg3 h5 35. Ra1 Re2 36. Ra6 Qf7 37. Rxg6 Re8 38. Rd1 Kh7 39. Rg5 Re7 40. Qh4 Bh6 41. Rxh5 Qg6 42. Rg1 Rg7 43. g4 Rxe3 1-0

[Event "Mistrzostwa Polski Juniorów Młodszych"]
[Site "Suwałki, Poland"]
[Date "2025.04.25"]
[Round "2.18"]
[White "Perkowski, Jakub"]
[Black "Sucharski, Jakub"]
[Result "1-0"]
[WhiteElo "1619"]
[BlackElo "1786"]
[PlyCount "81"]
[EventDate "2025.??.??"]

1. e4 c5 2. Nf3 e6 3. d4 cxd4 4. Nxd4 Nf6 5. Nc3 Nc6 6. Ndb5 d6 7. Bf4 e5 8. Bg5 a6 9. Na3 b5 10. Nab1 Be7 11. Bxf6 Bxf6 12. a4 b4 13. Nd5 O-O 14. Bc4 Bg5 15. O-O Kh8 16. Qd3 f5 17. Nd2 Bxd2 18. Qxd2 fxe4 19. Nxb4 Nxb4 20. Qxb4 Bf5 21. Rad1 Rf6 22. Rd2 Rb8 23. Qa3 Qb6 24. Rb1 Be6 25. a5 Qc6 26. Bxe6 Rxe6 27. Rbd1 Rd8 28. g3 Kg8 29. Qb3 Kf7 30. Rd5 Ke7 31. c3 Rd7 32. Qb4 Qb7 33. Qxe4 Qxb2 34. Qxh7 Kd8 35. Rb1 Qa2 36. Qg8+ Kc7 37. Qb8+ Kc6 38. Qa8+ Kc7 39. Rb7+ Kc6 40. Rb6+ Kc7 41. Qb8# 1-0

[Event "Mistrzostwa Polski Juniorów Młodszych"]
[Site "Suwałki, Poland"]
[Date "2025.04.25"]
[Round "2.24"]
[White "Radziszewski, Leon"]
[Black "Koch, Maciej"]
[Result "0-1"]
[WhiteElo "1598"]
[BlackElo "1668"]
[PlyCount "66"]
[EventDate "2025.??.??"]

1. e4 c5 2. Nf3 g6 3. d4 cxd4 4. Nxd4 Nc6 5. c4 Nf6 6. Nc3 d6 7. f3 Nxd4 8. Qxd4 Bg7 9. Be2 O-O 10. Bg5 a5 11. Qd2 Be6 12. O-O a4 13. Rac1 Qa5 14. Nd5 Qxd2 15. Nxe7+ Kh8 16. Bxd2 Rfe8 17. Nd5 Nxd5 18. cxd5 Bxd5 19. Bb5 Re5 20. Bc3 Bxa2 21. Bxe5 Bxe5 22. Rc2 Ra5 23. Bd7 Bb3 24. Rc8+ Kg7 25. Rb8 Ra7 26. Rb1 Bd4+ 27. Kh1 Ba2 28. Ra1 a3 29. bxa3 Bxa1 30. a4 Be5 31. Bb5 Bb3 32. g3 Bd4 33. a5 Bd1 0-1

[Event "Mistrzostwa Polski Juniorów Młodszych"]
[Site "Suwałki, Poland"]
[Date "2025.04.25"]
[Round "2.23"]
[White "Ladon, Jeremi"]
[Black "Lisek, Adam"]
[Result "0-1"]
[WhiteElo "1670"]
[BlackElo "1575"]
[PlyCount "58"]
[EventDate "2025.??.??"]

1. e4 c5 2. Nf3 a6 3. d4 cxd4 4. Nxd4 Nf6 5. Nc3 e5 6. Nf3 Bb4 7. Bd3 d5 8. O-O Bxc3 9. bxc3 dxe4 10. Nxe5 exd3 11. Ba3 Be6 12. f4 Qb6+ 13. Kh1 Nc6 14. Nxc6 Qxc6 15. f5 Bd5 16. Re1+ Be4 17. Qxd3 Rd8 18. Qg3 Kd7 19. Qf2 Kc8 20. Bb4 h5 21. Ba5 Rd5 22. Bb4 h4 23. Qa7 Re8 24. Rad1 Bxg2+ 25. Kg1 Rxe1+ 26. Rxe1 Be4 27. Be7 Rd2 28. Bc5 Rg2+ 29. Kh1 Rg3+ 0-1

[Event "Mistrzostwa Polski Juniorów Młodszych"]
[Site "Suwałki, Poland"]
[Date "2025.04.25"]
[Round "2.26"]
[White "Jedlikowski, Jan"]
[Black "Dorowski, Nataniel"]
[Result "0-1"]
[WhiteElo "1530"]
[BlackElo "1621"]
[PlyCount "72"]
[EventDate "2025.??.??"]

1. b3 d5 2. Bb2 Nf6 3. Nf3 g6 4. e3 c5 5. a4 Bg7 6. Na3 Nc6 7. Bb5 O-O 8. Bxc6 bxc6 9. O-O Rb8 10. d3 Re8 11. Ne5 Qc7 12. f4 h5 13. h3 h4 14. Qe1 Nd7 15. Qf2 Rb7 16. Rae1 Nxe5 17. Bxe5 Bxe5 18. fxe5 e6 19. d4 Qe7 20. Nb1 Rb4 21. dxc5 Ba6 22. c4 dxc4 23. Qf4 Reb8 24. Qh6 cxb3 25. Rf6 Bd3 26. Qg5 Qf8 27. e4 Rxe4 28. Rxe4 Bxe4 29. Nd2 b2 30. Rf1 b1=Q 31. Nxb1 Rxb1 32. Rxb1 Bxb1 33. Qxh4 Qxc5+ 34. Kh1 Qxe5 35. Qd8+ Kg7 36. Qd1 Be4 0-1

[Event "Mistrzostwa Polski Juniorów Młodszych"]
[Site "Suwałki, Poland"]
[Date "2025.04.25"]
[Round "2.8"]
[White "Kucewicz, Piotr"]
[Black "Wites, Adam"]
[Result "0-1"]
[WhiteElo "1764"]
[BlackElo "1901"]
[PlyCount "44"]
[EventDate "2025.??.??"]

1. e4 c6 2. Nf3 d5 3. Nc3 Bg4 4. h3 Bxf3 5. Qxf3 e6 6. d3 Bb4 7. Bd2 Ne7 8. Qg3 O-O 9. f4 Qb6 10. O-O-O Nd7 11. Nb1 Bxd2+ 12. Nxd2 Nc5 13. Be2 Rfd8 14. Qf3 a5 15. g4 Na4 16. Nb3 Nxb2 17. Kxb2 a4 18. c3 axb3 19. axb3 d4 20. Ra1 Qc5 21. c4 Qb4 22. Rac1 Qd2+ 0-1

[Event "Mistrzostwa Polski Juniorów Młodszych"]
[Site "Suwałki, Poland"]
[Date "2025.04.25"]
[Round "2.17"]
[White "Olejko, Wojciech"]
[Black "Szczukiewicz, Wojciech"]
[Result "1-0"]
[WhiteElo "1837"]
[BlackElo "1615"]
[PlyCount "61"]
[EventDate "2025.??.??"]

1. d4 Nf6 2. c4 g6 3. Nc3 Bg7 4. e4 d6 5. Be2 O-O 6. Be3 e5 7. d5 Na6 8. g4 Nc5 9. f3 Ne8 10. h4 f5 11. g5 fxe4 12. fxe4 Bd7 13. Qd2 c6 14. O-O-O b5 15. Bxc5 cxd5 16. Qxd5+ Kh8 17. Bxd6 Nxd6 18. Qxd6 bxc4 19. Nf3 Rb8 20. Qxd7 Qb6 21. Qd2 Rfd8 22. Qc2 Qe3+ 23. Kb1 Rxd1+ 24. Rxd1 Bf8 25. Nd5 Qf2 26. Rf1 Qg3 27. Qc3 Bd6 28. Bxc4 Qg2 29. Nxe5 Qxe4+ 30. Nd3+ Be5 31. Qxe5+ 1-0

[Event "Mistrzostwa Polski Juniorów Młodszych"]
[Site "Suwałki, Poland"]
[Date "2025.04.25"]
[Round "2.19"]
[White "Janeczek, Maksymilian"]
[Black "Guss, Hubert"]
[Result "1-0"]
[WhiteElo "1748"]
[BlackElo "1599"]
[PlyCount "65"]
[EventDate "2025.??.??"]

1. e4 c5 2. Nf3 d6 3. d4 cxd4 4. Nxd4 Nf6 5. Nc3 g6 6. Be3 Bg7 7. f3 Nc6 8. Qd2 O-O 9. O-O-O Bd7 10. g4 a6 11. h4 Qa5 12. h5 Rac8 13. hxg6 fxg6 14. Bc4+ d5 15. Nxc6 bxc6 16. exd5 cxd5 17. Bxd5+ Nxd5 18. Qxd5+ Qxd5 19. Nxd5 Rce8 20. Nc7 Rd8 21. Bc5 Bb5 22. Nd5 Be2 23. Nxe7+ Kf7 24. Rde1 Bxf3 25. Rhf1 Bh6+ 26. Kb1 Kg7 27. Nf5+ Rxf5 28. gxf5 Bg2 29. f6+ Kh8 30. Rd1 Rc8 31. Rf2 Be4 32. f7 Bf8 33. Bd4+ 1-0

[Event "Mistrzostwa Polski Juniorów Młodszych"]
[Site "Suwałki, Poland"]
[Date "2025.04.25"]
[Round "2.2"]
[White "Bilochenko, Matvii"]
[Black "Zajadlak, Milosz"]
[Result "1-0"]
[WhiteElo "2027"]
[BlackElo "1835"]
[PlyCount "115"]
[EventDate "2025.??.??"]

1. e4 c5 2. Nf3 d6 3. Bb5+ Bd7 4. Bxd7+ Qxd7 5. c4 e5 6. Nc3 Nc6 7. O-O g6 8. Nd5 Bg7 9. d3 Nge7 10. a3 O-O 11. Rb1 f5 12. b4 cxb4 13. axb4 h6 14. Qe2 f4 15. Ba3 g5 16. b5 Nd8 17. Nxe7+ Qxe7 18. Ne1 Ne6 19. f3 Nd4 20. Qf2 Qc7 21. Bb2 Ne6 22. Nc2 Qc5 23. Ba3 Qxf2+ 24. Kxf2 Nc5 25. Rfd1 Rfc8 26. Nb4 Bf6 27. Nd5 Bd8 28. g3 Kf7 29. gxf4 gxf4 30. Kg2 Bg5 31. Rd2 Rg8 32. Kh1 Bd8 33. d4 Ne6 34. dxe5 dxe5 35. Bb2 Ng5 36. Rf1 Ke6 37. Rg2 Bb6 38. c5 Ba5 39. Ra1 Nxf3 40. Rxa5 Ne1 41. Re2 Nf3 42. Ra1 Rac8 43. Rf1 Nh4 44. Rc2 Rg4 45. c6 Rcg8 46. c7 Rc8 47. Rg1 Rxg1+ 48. Kxg1 Nf3+ 49. Kf2 Nxh2 50. Ba3 Kd7 51. b6 Ng4+ 52. Kf3 Ne3 53. Nxe3 fxe3 54. bxa7 b6 55. Kxe3 h5 56. Bb2 h4 57. Bxe5 h3 58. Bh2 1-0

[Event "Mistrzostwa Polski Juniorów Młodszych"]
[Site "Suwałki, Poland"]
[Date "2025.04.25"]
[Round "2.3"]
[White "Kopacki, Aleksander"]
[Black "Bury, Marcel"]
[Result "0-1"]
[WhiteElo "1980"]
[BlackElo "1809"]
[PlyCount "104"]
[EventDate "2025.??.??"]

1. e4 c5 2. Nf3 Nc6 3. d4 cxd4 4. Nxd4 g6 5. Nc3 Bg7 6. Be3 Nf6 7. Nb3 d6 8. f3 O-O 9. Qd2 Bd7 10. O-O-O Rc8 11. Kb1 a6 12. Bh6 Ne5 13. Bxg7 Kxg7 14. Be2 b5 15. g4 Nc4 16. Bxc4 bxc4 17. Nd4 Rc5 18. Nde2 Qb6 19. Ka1 Bc6 20. h4 Rb8 21. Rb1 h5 22. Nf4 Qa5 23. gxh5 Nxh5 24. Qd4+ Kg8 25. Nfd5 Bxd5 26. exd5 Rc7 27. Rhg1 Qc5 28. Qd2 Rcb7 29. Rg2 Qa5 30. Qd4 Qc7 31. Rg5 Qb6 32. Qd2 Qa5 33. Qe3 Qb6 34. Qe1 Qd4 35. Rg4 Qf6 36. Qe3 Qf5 37. Qe2 Nf6 38. Rxc4 Nxd5 39. Nxd5 Qxd5 40. Re4 e6 41. Rg4 Qf5 42. Rgg1 a5 43. Qh2 Rb5 44. f4 a4 45. a3 Qc5 46. Ka2 Qc4+ 47. Ka1 Rxb2 48. Rxb2 Qc3 49. Rgb1 Qxa3+ 50. Ra2 Qc3+ 51. Rab2 Rxb2 52. Rxb2 a3 0-1

[Event "Mistrzostwa Polski Juniorów Młodszych"]
[Site "Suwałki, Poland"]
[Date "2025.04.25"]
[Round "2.21"]
[White "Wiekiera, Tomasz"]
[Black "Cichocki, Aleksander"]
[Result "1-0"]
[WhiteElo "1613"]
[BlackElo "1698"]
[PlyCount "55"]
[EventDate "2025.??.??"]

1. d4 d5 2. c4 e6 3. Nc3 c6 4. cxd5 exd5 5. Nf3 Nf6 6. Bg5 h6 7. Bh4 Be7 8. e3 Nbd7 9. Bd3 Nb6 10. O-O Bg4 11. h3 Bh5 12. g4 Bg6 13. Bxg6 fxg6 14. Ne5 g5 15. Qd3 O-O 16. Bg3 Bb4 17. f3 Nfd7 18. Ng6 Rf6 19. f4 Qe8 20. f5 Nc4 21. e4 Bxc3 22. Qxc3 Rxg6 23. e5 Rf6 24. exf6 Nxf6 25. Rfe1 Ne4 26. Qc2 Qd7 27. Rxe4 Na3 28. Qb3 1-0

[Event "Mistrzostwa Polski Juniorów Młodszych"]
[Site "Suwałki, Poland"]
[Date "2025.04.25"]
[Round "2.25"]
[White "Malinowski, Tobiasz"]
[Black "Kupczyk, Jan"]
[Result "1-0"]
[WhiteElo "1653"]
[BlackElo "1524"]
[PlyCount "73"]
[EventDate "2025.??.??"]

1. d4 d5 2. Nf3 Bf5 3. c4 Nf6 4. Bf4 c6 5. h3 e6 6. e3 Nbd7 7. Be2 Bb4+ 8. Nbd2 Be7 9. c5 h6 10. b4 b6 11. b5 cxb5 12. c6 Nf8 13. Bxb5 Qc8 14. c7+ N8d7 15. Bc6 O-O 16. Qb3 Qa6 17. Bxa8 Rxa8 18. Rc1 Rc8 19. a4 Ne8 20. Rc3 Nd6 21. Ne5 Nxe5 22. Bxe5 Qb7 23. O-O Rxc7 24. Rfc1 Rxc3 25. Qxc3 Ne8 26. f3 f6 27. Bh2 Kh7 28. Kf2 Bg6 29. g4 h5 30. Qc6 Qxc6 31. Rxc6 Bb4 32. Ke2 Bf7 33. Bb8 a5 34. Rxb6 g6 35. Nb3 Ng7 36. Nc5 Be8 37. Ra6 1-0

[Event "Mistrzostwa Polski Juniorów Młodszych"]
[Site "Suwałki, Poland"]
[Date "2025.04.25"]
[Round "2.7"]
[White "Ejsymont, Eryk"]
[Black "Pawlak, Mateusz"]
[Result "1-0"]
[WhiteElo "1908"]
[BlackElo "1604"]
[PlyCount "49"]
[EventDate "2025.??.??"]

1. e4 c5 2. Nf3 e6 3. d4 cxd4 4. Nxd4 Nc6 5. Nc3 Qc7 6. Be3 a6 7. a3 b5 8. Nxc6 Qxc6 9. Be2 Bb7 10. O-O Bd6 11. Qd3 Ne7 12. f4 Nf5 13. Bd2 Bc5+ 14. Kh1 Nd4 15. Bf3 h5 16. f5 Nxf3 17. Rxf3 O-O-O 18. b4 Bd6 19. a4 exf5 20. axb5 axb5 21. Nxb5 fxe4 22. Qxd6 Qxd6 23. Nxd6+ Kc7 24. Nxb7 exf3 25. Nxd8 1-0

[Event "Mistrzostwa Polski Juniorów Młodszych"]
[Site "Suwałki, Poland"]
[Date "2025.04.25"]
[Round "2.9"]
[White "Szeszycki, Jan"]
[Black "Tyszka, Kacper"]
[Result "1-0"]
[WhiteElo "1875"]
[BlackElo "1508"]
[PlyCount "75"]
[EventDate "2025.??.??"]

1. e4 e5 2. Nf3 Nc6 3. Bc4 Bc5 4. d3 d6 5. c3 Nf6 6. O-O h6 7. Nbd2 O-O 8. Re1 Re8 9. Nf1 Be6 10. Bb3 Bb6 11. Ng3 Bxb3 12. axb3 d5 13. Qe2 dxe4 14. dxe4 Ng4 15. Rf1 Na5 16. Qc2 Qd6 17. h3 Nxf2 18. Rxf2 Bxf2+ 19. Kxf2 Nc6 20. Nf5 Qf6 21. Be3 Ne7 22. Nxe7+ Qxe7 23. b4 a6 24. Ra5 Qf6 25. Rd5 Rad8 26. Qd3 Rd6 27. Rxd6 cxd6 28. Qd5 Re7 29. c4 Qe6 30. Qd3 Rc7 31. b3 b5 32. c5 Rd7 33. Qd5 Qxd5 34. exd5 dxc5 35. bxc5 Rxd5 36. c6 Rd6 37. Nxe5 f6 38. c7 1-0